Institutional conficence and social trust: aggregate and individual relations /
Guardado en:
| Hovedforfatter: | |
|---|---|
| Andre forfattere: | |
| Format: | Texto |
| Sprog: | Spanish |
| Udgivet: |
New York:
Routledge
|
| Fag: | |
| Tags: |
Tilføj Tag
Ingen Tags, Vær først til at tagge denne postø!
|
MARC
| LEADER | 00000 a a2200000 04500 | ||
|---|---|---|---|
| 001 | 36040 | ||
| 003 | cru IIS | ||
| 005 | 20230629131856.0 | ||
| 008 | 230629b |||||||| |||| 00| 0 spa d | ||
| 020 | |a 0-415-34066-7 | ||
| 040 | |c CRAI/IIS | ||
| 090 | |a 0002 T67c | ||
| 100 | |a Newton, Kenneth |9 11476 | ||
| 245 | |a Institutional conficence and social trust: aggregate and individual relations / |c Kenneth Newton | ||
| 260 | |a New York: |b Routledge | ||
| 300 | |a 81-100 p. | ||
| 650 | |a PARTICIPACION POLITICA | ||
| 650 | |a DESAFECCION POLITICA | ||
| 650 | |a DEMOCRACIA | ||
| 700 | |a ed. |a Montero, José Ramón |a ed. | ||
| 773 | 0 | |0 299 |9 1263 |a Torcal, Mariano |d New York: Routledge |o 03241 |t Political disaffection in comtemporary democracies: social capital, institutions, and politics / |w (cru CIDCACS/IIS)36037 |z 0415340667 | |
| 942 | |2 ddc |c LI | ||
| 999 | |c 4507 |d 4507 | ||



